Městskou logistiku ohrožují byty

Rast elektronického obchodu a súvisiaci problém distribúcie tovaru v mestách. Využívanie starých kancelárskych budov na sklady a výdaj tovaru. Budovanie mestských skladov a konkurencia rezidenčných projektov. Mestské konsolidačné centrum ako jedna z možností efektívnej distribúcie tovarov.

Enregistré dans:
Détails bibliographiques
Auteur principal: Kolář, Vojtěch
Format: Chapitre de livre
Langue:tchèque
Sujets:
Tags: Ajouter un tag
Pas de tags, Soyez le premier à ajouter un tag!

MARC

LEADER 00000naa a2200000 4500
001 0240963
005 20180307134438.3
041 0 |a cze 
044 |a CZ 
245 1 0 |a Městskou logistiku ohrožují byty  |c Vojtěch Kolář 
520 |a Rast elektronického obchodu a súvisiaci problém distribúcie tovaru v mestách. Využívanie starých kancelárskych budov na sklady a výdaj tovaru. Budovanie mestských skladov a konkurencia rezidenčných projektov. Mestské konsolidačné centrum ako jedna z možností efektívnej distribúcie tovarov. 
610 2 0 |a logistika 
610 2 0 |a obchod elektronický 
610 2 0 |a distribúcia 
610 2 0 |a efektívnosť 
610 2 0 |a mestá 
100 1 |a Kolář, Vojtěch